01469cam a22003617a 4500003000500000005001700005008004100022010001000063011001000073020001800083035001000101040000900111082001600120100003600136245011100172260003300283300002500316590004100341590004100382590004100423590004200464650002400506650002300530650001400553650002800567901000700595942001000602949009300612949008800705999001700793952015100810952014600961CHAP20220817041327.0120607s2009 sp a r 00010 spa d a11350 a12322 a9788429110043 a15049 cCHAP04a401.93bB431 aBenitez Burraco, Antonio91158410aGenes y lenguaje :baspectos ontogenéticos, filogenéticos y cognitivosc/por Antonio Benítez Burraco aEspaña :bReverté,c2009 axviii, 478 p. :bil. aBATCH-UPDb10c20130110lUCH01h1239 aBATCH-UPDb10c20130410lUCH01h0806 aBATCH-UPDb10c20130914lUCH01h0603 aCONVERSIONb10c20130109lUCH01h130704aBiofísica.91273504aGenética.94746904aLenguaje.04aLingüística.966979 aBK cLIBRO a401.93 B43bBCcLIBROd33724002335561eLIBROfc.2gI.261255h116808i15049sbt$1,076.00 a401.93 B43bBCcLIBROd33724002335603eLIBROgI.261256h116809i15049sbt$1,076.00 c11350d11350 00102ddc4052708GRALaBCbBCcPA_GRALd2019-12-31eI.261255fLIBROl0o401.93 B43p33724002335561r2019-12-31 00:00:00tc.2w2019-12-31yLIBRO 00102ddc4052708GRALaBCbBCcPA_GRALd2019-12-31eI.261256fLIBROl0o401.93 B43p33724002335603r2019-12-31 00:00:00w2019-12-31yLIBRO